000
00348nam a2200157Ia 4500
005
20250423101155.0
008
250422s9999 xx 000 0 und d
020
_a
0895300002
050
_a
HF 3228 .U5 .B47/
245
4
_a
The best of Canada
260
_a
Canada
260
_b
Philp G Young
260
_c
1990
300
_a
223 p
942
_c
BK
999
_c
35516
_d
35516